| 000 | 00574nam a2200205 a 4500 | ||
|---|---|---|---|
| 005 | 20210223121608.0 | ||
| 008 | 991125s1991 mx 000 0 spa u | ||
| 020 | _a9682108535 | ||
| 035 | _aUPN01000020515 | ||
| 049 | _aCG | ||
| 050 | 4 |
_aGV199.8 _aG7.48 |
|
| 100 | 1 | _aGschwendtner, Sepp | |
| 245 | 1 | 0 |
_aEscalada libre : _btécnica y entrenamiento / _cSepp Gschwendtner : tr. David Rosenbaum. |
| 260 |
_aMéxico : _bRoca, _c1991. |
||
| 300 | _a160 p. | ||
| 440 | 0 | _aDeportes | |
| 650 | 4 |
_aALPINISMO _92517 |
|
| 650 | 4 |
_aMONTAÑAS - _xESCALAMIENTO _911919 |
|
| 905 | _aLibro | ||
| 999 |
_c20515 _d20515 |
||